La nouvelle française au XVe siècle / (Record no. 171378)

MARC details
000 -LEADER
campo de control de longitud fija 00665nam a22002055i 4500
001 - NÚMERO DE CONTROL
campo de control 171378
003 - IDENTIFICADOR DE NÚMERO DE CONTROL
campo de control ES-MaACL
005 - FECHA Y HORA DE LA ÚLTIMA TRANSACCIÓN
campo de control 20230906214621.0
008 - DATOS DE LONGITUD FIJA--INFORMACIÓN GENERAL
campo de control de longitud fija 090513s1910 fr |||| | fre d
080 ## - NÚMERO DE LA CLASIFICACIÓN DECIMAL UNIVERSAL
Número de la Clasificación Decimal Universal 821.133.1-31.09"14"
100 1# - ENTRADA PRINCIPAL--NOMBRE DE PERSONA
Nombre de persona Söderhjelm, Werner.
9 (RLIN) 140103
245 13 - MENCIÓN DEL TÍTULO
Título La nouvelle française au XVe siècle /
Mención de responsabilidad, etc. Werner Soderhjelm.
260 ## - PUBLICACIÓN, DISTRIBUCIÓN, ETC.
Lugar de publicación, distribución, etc. Paris :
Nombre del editor, distribuidor, etc. H. Champion,
Fecha de publicación, distribución, etc. 1910.
300 ## - DESCRIPCIÓN FÍSICA
Extensión 237 p. ;
Dimensiones 24 cm.
490 1# - MENCIÓN DE SERIE
Mención de serie Bibliothèque du XVe siècle ;
Designación de volumen o secuencia 12
650 #4 - PUNTO DE ACCESO ADICIONAL DE MATERIA--TÉRMINO DE MATERIA
Término de materia o nombre geográfico como elemento de entrada Novela francesa-
Subdivisión geográfica S.XV-
Subdivisión general Historia y crítica.
9 (RLIN) 140104
830 0# - PUNTO DE ACCESO ADICIONAL DE SERIE-TÍTULO UNIFORME
Título uniforme Bibliothèque du XVe siècle ;
Designación de volumen o secuencia 12
9 (RLIN) 189017
852 ## - LOCALIZACIÓN
Ubicación ES-MaACL
Número de control de estantería C-1651
Holdings
Estatus retirado Estado de pérdida Estado de daño No para préstamo Biblioteca de origen Biblioteca actual Ubicación en estantería Fecha de adquisición Fuente de adquisición Total de préstamos Signatura topográfica completa Código de barras Visto por última vez Precio de reemplazo Tipo de ítem Koha
        Biblioteca del Ateneo de Madrid Biblioteca del Ateneo de Madrid Sala Palomar 13/05/2009     C-1651 1179853 23/02/2023 23/02/2023 Libro impreso